00565nam a2200181 a 4500008004100000020002200041100001900063245005600082260003200138300003200170504005000202500002000252650004500272650003900317003000100356005001700357040000900374  a0713136138 (pbk.)1 aScraton, R. E.10aFurther numerical methods in Basic /cR.E. Scraton. aLondon :bE. Arnold,c1987. ax, 221 p. :bill. ;c25 cm. aIncludes bibliographical references : p. 219. aIncludes index. 0aNumerical calculationsxData processing. 0aBASIC (Computer program language).20230123133152.0 cNUST